[Event "10th Norway Chess 2022"]
[White "Radjabov,Teimour"]
[Black "Vachier-Lagrave,Maxime"]
[Site "Stavanger"]
[Round "4.2"]
[Annotator "TA"]
[Result "1-0"]
[Date "2022.06.03"]
[WhiteElo "2753"]
[BlackElo "2750"]
[PlyCount "83"]

{[%evp 16,83,19,27,23,21,12,13,8,14,46,18,44,26,28,33,33,29,23,28,46,45,26,22,52,17,19,20,46,53,58,56,49,58,86,89,87,85,71,92,76,62,81,74,104,104,333,334,327,322,310,318,286,321,351,337,359,373,378,364,366,366,447,443,547,517,537,541,497,456]} 1. Nf3 {[%emt 0:19:39]} d5 {[%emt 0:0:2]} 2. d4 e6 {[%emt 0:0:0]} 3. c4 {[%emt 0:0:2]} dxc4 {[%emt 0:0:1]} 4. e3 {[%emt 0:0:1]} Nf6 {[%emt 0:0:2]
} 5. Bxc4 {[%emt 0:0:1]} a6 {[%emt 0:0:2]} 6. b3 {[%emt 0:0:0]} c5 {[%emt 0:0:2]} 7. O-O {[%emt 0:0:9]} cxd4 {[%emt 0:0:6]} 8. Nxd4 Be7 9. Bb2 {[%emt 0:0:2]} O-O {[%emt 0:0:2] D27: Queen's Gambit Accepted:
Classical main line: 7 e4!? and 7 a4.} 10. Nd2 {[%emt 0:0:2]} b5 {[%emt 0:0:0]} 11. Be2 {[%emt 0:0:1]} Bb7 {[%emt 0:0:2] The position is equal.} 12. Rc1 {[%emt 0:0:7] 12.a4 is the hot move.} h6 {[%emt 0:0:10]} 13. Bf3 {[%emt 0:0:22]
 [#]} Qd7 $146 {[%emt 0:0:31]} ({Predecessor:} 13... Nd5 14. Ne4 Qb6 15. Ng3 Rd8 16. Nh5 Nf6 17. Qe2 Nxh5 18. Bxb7 Qxb7 19. Qxh5 Bf6 {0-1 (46)
Radjabov,T (2753)-Vachier Lagrave,M (2750) Stavanger 2022} )14. Qc2 {[%emt 0:0:0]} Ra7 {[%emt 0:0:47]} 15. Bxb7 {[%emt 0:0:41]} Qxb7 {[%emt 0:0:9]} 16. Rfd1 {[%emt 0:0:52]} Rd8 {[%emt 0:0:4]} 17. N2f3 {[%emt 0:0:5]} Qe4 {[%emt 0:0:18]
} 18. Qxe4 {[%emt 0:0:36]} Nxe4 {[%emt 0:0:1]} 19. Kf1 {[%emt 0:0:34]
} Bf6 {[%emt 0:0:43] Inhibits Ne5.} 20. Re1 {[%emt 0:1:38]} Rad7 {[%emt 0:0:13]} 21. Rc2 {[%emt 0:0:1]} Ng5 {[%emt 0:1:29]} 22. Nxg5 {[%emt 0:0:18]
} Bxg5 {[%emt 0:0:7]} 23. Rec1 {[%emt 0:0:48]} Bf6 {[%emt 0:0:0]} 24. Ke2 Kf8 25. Bc3 {[%emt 0:0:10]} Re8 {[%emt 0:0:42]} 26. Bb4+ {[%emt 0:0:6]
} Be7 {[%emt 0:0:1]} 27. Ba5 Bd8 {[%emt 0:0:2]} 28. Bd2 {[%emt 0:0:9]
 White is more active.} Bf6 {[%emt 0:0:3]} 29. Nf3 {[%emt 0:0:0]} g6 {[%emt 0:0:18]} 30. Ba5 {[%emt 0:0:15]} e5 $2 {[%emt 0:0:6] This
move loses the game for Black.} (30... Kg7 $16 )31. Rc8 $18 {[%emt 0:0:17] [#]
Hoping for Rxe8+.} Bd8 {[%emt 0:0:15]} 32. Bxd8 {[%emt 0:0:42]} ({Not} 32. Rxb8 Bxa5 33. Rxe8+ Kxe8 $14 )Rdxd8 {[%emt 0:0:1]} 33. Rxd8 {[%emt 0:0:0]} Rxd8 34. Nxe5 { Endgame KRN-KRN} Ke7 {[%emt 0:0:4]} 35. f4 Ke6 {[%emt 0:0:7]} 36. Rc7 Rf8 {[%emt 0:0:6]} 37. g4 {[%emt 0:0:1]} g5 38. Kf3 {[%emt 0:0:2]} gxf4 {[%emt 0:0:2]} 39. exf4 {White is clearly
winning.} f5 {[%emt 0:0:1]} 40. Rh7 {[%emt 0:0:3]} fxg4+ {[%emt 0:0:1]} 41. Ke4 {[%emt 0:0:2]} Kd6 {[%emt 0:0:3]} 42. b4 {[%emt 0:0:7] Weighted
Error Value: White=0.03 (flawless) /Black=0.21 (precise)} 1-0

[Event "10th Norway Chess 2022"]
[White "Topalov,Veselin"]
[Black "Tari,Aryan"]
[Site "Stavanger"]
[Round "4.2"]
[Annotator "TA"]
[Result "1-0"]
[Date "2022.06.03"]
[WhiteElo "2730"]
[BlackElo "2654"]
[PlyCount "63"]

{[%evp 10,63,12,7,13,0,4,0,6,0,8,-3,10,12,11,12,14,15,33,37,44,41,34,15,67,45,47,20,21,8,65,6,53,49,150,111,100,110,247,248,254,250,347,348,334,327,500,464,689,685,833,823,1004,974,1110,1061]} 1. e4 {[%emt 0:0:1]} e5 {[%emt 0:0:2]} 2. Nf3 {[%emt 0:0:2]} Nc6 {[%emt 0:0:2]} 3. Bc4 {[%emt 0:0:1]} Nf6 {[%emt 0:0:2]
} 4. d3 Bc5 {[%emt 0:0:2]} 5. Nc3 {[%emt 0:0:2]} h6 {[%emt 0:0:0]} 6. h3 {[%emt 0:0:17]} a6 {[%emt 0:0:4] C50: Hungarian Defence and
Giuoco Pianissimo.} 7. Be3 {[%emt 0:0:20] 7.a4 is setting a new trend.} d6 {[%emt 0:0:10]
} 8. O-O {[%emt 0:0:29]} O-O {[%emt 0:0:10] The position is
equal.} 9. a4 {[%emt 0:0:21]} Re8 {[%emt 0:0:2]} 10. Nd5 {[%emt 0:0:20]} Be6 {[%emt 0:0:2]} 11. Bxc5 {[%emt 0:0:9]} dxc5 {[%emt 0:0:2]} 12. Ne3 {
[#]} Qd7 $146 {[%emt 0:0:29]} ({Predecessor:} 12... Bxc4 13. Nxc4 b6 14. Ne3 Nd7 15. Nd2 Nf8 16. Qg4 Ne6 17. h4 Ncd4 18. Rfd1 Qf6 19. g3 Nc6 20. Kg2 Nb4 21. Nf3 Rad8 {1-0 (21) Demchenko,A (2583)-Sethuraman,S (2477) Riga 2021} )13. a5 {[%emt 0:0:6]
} Rad8 {[%emt 0:0:6]} 14. Nd2 {[%emt 0:0:6]} Bxc4 {[%emt 0:0:0]} 15. Ndxc4 {[%emt 0:0:1]} Qe6 {[%emt 0:0:1]} 16. Qe1 {[%emt 0:0:8]
} Nd4 {[%emt 0:0:2]} ({Black should try} 16... Nh5 $1 $11 )17. Kh2 {[%emt 0:0:0]} Nh5 {[%emt 0:0:16]} 18. f3 {[%emt 0:0:18]} (18. Qd1 $5 {[%cal Rd1h5]} Nf4 19. Qg4 $11 )Nf4 {[%emt 0:0:7]} 19. Qf2 {[%emt 0:0:8]} g6 {[%emt 0:0:29]
} (19... f6 $11 )20. Rfd1 {[%emt 0:0:10]} ({Better is} 20. Qh4 $1 $14 )h5 {[%emt 0:0:6]} (20... Kh7 $11 {deserves consideration.} )21. h4 $14 {[%emt 0:0:48]} Qf6 {[%emt 0:0:13]} (21... Rf8 $14 )22. c3 {[%emt 0:0:0]} Nc6 {[%emt 0:0:35] [#]} 23. g3 $1 {[%emt 0:0:1]} Nxd3 {[%emt 0:0:0] A mistake that costs the game.} (23... Ne6 $16 )24. Qf1 $18 {[%emt 0:0:1]
} Nf4 {[%emt 0:0:10]} 25. gxf4 {[%emt 0:0:2] Hoping for Nd5.} Qxf4+ {[%emt 0:0:29]
} 26. Kh3 {[%emt 0:0:1] Threatens to win with Nd5.} Ne7 27. Qf2 {[%emt 0:0:9]} g5 {[%emt 0:0:4]} (27... Qf6 $142 28. Qg3 Qe6+ 29. Kh2 Rxd1 30. Rxd1 f6 )28. Qg3 {[%emt 0:0:7] White is clearly winning.} Ng6 {[%emt 0:0:0]} (28... Qxg3+ $142 29. Kxg3 gxh4+ 30. Kxh4 f6 )29. hxg5 {[%emt 0:0:7]} c6 {[%emt 0:0:27]} 30. Nf5 {[%emt 0:0:16]} h4 {[%emt 0:0:14]} 31. Qxf4 {[%emt 0:0:2]
} Nxf4+ {[%emt 0:0:3]} 32. Kxh4 {[%emt 0:0:5] Weighted Error
Value: White=0.13 (very precise) /Black=0.49} 1-0